00306pam a2200121a 44500008004100000020002500041082001600066100001600082245002400098260003200122300001000154700002000164230405s2012 xxu||||| |||| 00| 0 eng d a97871793846cRs. 250 a610.73bGUP aGupta, L.C. aManual of First Aid aNew DelhibJaypee Pubc2012 a441 p aGupta, Abhitabh